000 00769nam a2200241 a 4500
001 000034348
005 20200930073642.0
008 100901s1980 es 000 d spa d
020 _a8474612098
040 _aDO-SdBNP
_bspa
_cBNPHU
082 _a842.42
_bM721t
100 1 _aMolière,
_d1622-1673
_qPoquelin Molière, Juan Bautista
_959771
245 1 0 _aTartufo :
_bcomedia en cinco acto /
_cMolière; traducción y prólogo A. Espina.
260 _aMadrid :
_bEditorial Mediterraneo,
_c1980.
300 _a125 p. ;
_c19 cm.
490 1 _aBolsillo edime
_v29
650 4 _aTeatro francés
_95359
650 4 _aComedia francesa
_913396
650 4 _aLiteratura francesa
_91074
700 1 _aEspina, A.
_912788
830 0 _aBolsillo edime
_v29
_920258
049 _aBNGR
999 _c33839
_d33839